ENHYPEN - Quiz Ultime - Statistiques

Statistiques générales
  • Ce quiz a été pris 88 fois
  • Le résultat moyen est 33 sur 101
Statistiques - réponses
Hint Réponse % Correct
Informations générales Année de début 2020
100%
Informations générales Nombre de membre aujourd'hui 6
100%
Informations générales Nom de leur agence HYBE
100%
Informations générales Nom des fans ENGENE
89%
Survival show Survival Show où le groupe s'est formé I-LAND
72%
Heeseung Nom complet Lee Hee-seung
69%
Survival show Membre choisit par le jury lors du survival show Sunoo
61%
Sunghoon Idol féminine avec qui il présentait cette émission Wonyoung (IVE)
58%
Autres Membre qui a quitté le groupe en mars 2026 Heeseung
56%
Jake Couleur de son micro Bleu
53%
Heeseung Nom pour sa carrière solo EVAN
53%
Début 1ère chanson réalisée Given-Taken
53%
Survival show Membre qui a reçu le plus de vote du public Jungwon
53%
Heeseung Couleur de son micro Rouge
53%
Jungwon Nom complet Yang Jung-won
53%
Survival show Nombre total d'épisode du survival show 12
50%
Jake Nationalité Corée du Sud / Australie
50%
Sunoo Position Chanteur / Visuel
47%
Ni-ki Nationalité Japon
47%
Albums 2026 The Sin: Vanish
47%
Ni-ki Couleur Noir
44%
Sunghoon Nom complet Park Sung-hoon
44%
Jake Position Rappeur / Chanteur
44%
Albums 2024 Romance: Untold
44%
Jay Couleur de son micro Vert
44%
Survival show Nombre de participant 23
42%
Ni-ki Classement du survival show 4e
42%
Heeseung | Jungwon | Sunghoon | Sunoo Nationalité Corée du Sud
42%
Jay Nationalité Corée du Sud / États-Unis
42%
Albums 2023 Dark Blood
42%
Albums 2025 Desire: Unleash
42%
Autres Membre avec la plus courte période de trainee Ni-ki
42%
Ni-ki Nom complet Nishimura Riki
42%
Albums 2024 Romance: Untold-daydream-
42%
Jay Classement du survival show 2e
39%
Jake Classement du survival show 3e
39%
Heeseung Classement du survival show 5e
39%
Sunghoon Classement du survival show 6e
39%
Informations générales Nom du label Belift Lab
39%
Albums 2023 Orange Blood
39%
Sunghoon Sport qu'il a pratiqué Patinage artistique
39%
Autres Concept principal du groupe Vampire
39%
Sunoo Couleur de son micro Violet
39%
Albums 2021 Border: Carnival
36%
Albums 2020 Border: Day One
36%
Jungwon Couleur de son micro Gris
36%
Jungwon Classement du survival show 1er
33%
Albums 2021 Dimension: Dilemma
33%
Jungwon Agences où il était auparavant SM Entertainment et BigHit Entertainment
33%
Jake Anniversaire 15 novembre 2002
31%
Heeseung Anniversaire 15 octobre 2001
31%
Heeseung Signe astrologique Balance
31%
Sunghoon Couleur de son micro Blanc
31%
Albums 2022 Manifesto: Day 1
31%
Jay Position Rappeur / Danseur
31%
Albums 2022 Dimension: Answer
28%
Jake Signe astrologique Scorpion
28%
Heeseung Groupe avec qui il était trainee Tomorrow X Together (TXT)
28%
Ni-ki Anniversaire 9 décembre 2005
25%
Heeseung Position Chanteur principal / Centre
25%
Autres Nom de leur émission sur Youtube EN-O’Clock
25%
Heeseung Personne qui s'inspire de lui dans leur webtoon/animé Heli
25%
Jungwon Position Leader
25%
Sunoo Signe astrologique Cancer
22%
Survival show Chaîne de diffusion du survival show Mnet
22%
Jungwon Signe astrologique Verseau
22%
Sunghoon Anniversaire 8 décembre 2002
19%
Sunghoon Position Visuel
19%
Jay Anniversaire 20 avril 2002
17%
Sunoo Classement du survival show 8e
17%
Jungwon Anniversaire 9 février 2004
17%
Ni-ki Position Danseur principal / Maknae
17%
Autres Nom de leur univers parallèle Dark Moon
17%
Début 1ère chanson en japonais Forget Me Not
17%
Ni-ki | Sunghoon Signe astrologique Sagittaire
17%
Jay Signe astrologique Taureau
17%
Jungwon Personne qui s'inspire de lui dans leur webtoon/animé Jakah
14%
Jake Personne qui s'inspire de lui dans leur webtoon/animé Jino
11%
Sunoo Nom complet Kim Seon-woo
11%
Ni-ki Personne qui s'inspire de lui dans leur webtoon/animé Noa
11%
Sunoo Anniversaire 24 juin 2003
8%
Ni-ki Danse qu'il pratiquait plus jeune Ballet / Jazz
8%
Jay Personne qui s'inspire de lui dans leur webtoon/animé Jaan
8%
Albums 2022 Sadame (定め)
8%
Jake Nom complet Jake Sim
6%
Jay Nom complet Jay Park
6%
Sunghoon En il est devenu ambassadeur du Comité coréen du sport _ _ _ _ _ _ _ _ _ Olympique
6%
Sunghoon Personne qui s'inspire de lui dans leur webtoon/animé Solon
6%
Autres Nom du webtoon/animé adapté de cet univers Dark Moon: The Blood Altar
3%
Sunghoon Émission qu'il a présenté entre 2021 et 2022 Music Bank
3%
Sunoo Personne qui s'inspire de lui dans leur webtoon/animé Shion
3%
Ni-ki Classement au TC Candler’s Most Handsome Faces of 2020 24e
0%
Jake Classement au TC Candler’s Most Handsome Faces of 2020 45e
0%
Jay Classement au TC Candler’s Most Handsome Faces of 2020 58e
0%
Autres Nom de leur maison/dortoir ENHYPEN House
0%
Sunoo Sport qu'il pratique Hapkido
0%
Sunoo Surnom Sunshine
0%
Aucun quiz correspondant
Distribution des résultats
% des personnes avec chaque résultat
Percentile par nombre de réponses
Votre historique - résultats
Vous n’avez pas pris ce quiz